000 00662nam a22002417a 4500
999 _c6903
_d6903
001 6903
003 BD-JhCC
005 20180301190730.0
008 180131b xxu||||| |||| 00| 0 eng d
020 _a0023062118
035 _a(BD-JhCC)6903
040 _aBD-JhCC
_dBD-JhCC
041 _aeng
082 _a515
_bBAR 1987
100 _aBarnett, Raymond A.
245 _aCalculus for Managrment, Life, and Social Sciences /
_cRaymond A. Barnett, Michael R. Ziegler
260 _aLondon :
_bCollier Macmillan Publishers,
_c1987.
300 _a607 p. :
_c26 cm.
650 _aCalculus
700 _aZiegler, Michael R.
942 _2ddc
_cBK